| 000 | 00464nam a2200133 4500 | ||
|---|---|---|---|
| 999 |
_c13277 _d13277 |
||
| 008 | 190221b ||||| |||| 00| 0 eng d | ||
| 082 | _aDPer 050 T48 Apr-June 2016 v. 187, n. 12-24. | ||
| 100 |
_937094 _aFeeney, Nolan. |
||
| 245 |
_aPop's biggest stars are reviving the album by reinventing it/ _cNolan Feeney |
||
| 260 |
_aHong Kong: _bTime Asia, _cc2016. |
||
| 300 |
_av187 n15, pages 41-42: _billustrations; _c27 cm. |
||
| 650 |
_aMusic. _937095 |
||
| 942 |
_2ddc _cPER |
||